How charts lie: getting smarter about visual information.
Gespeichert in:
| 1. Verfasser: | |
|---|---|
| Format: | Unbekannt |
| Veröffentlicht: |
New York, USA:
W.W. Norton & Company, Inc.,
2019.
|
| Ausgabe: | First edition. |
| Schlagworte: | |
| Tags: |
Tag hinzufügen
Keine Tags, Fügen Sie den ersten Tag hinzu!
|
MARC
| LEADER | 00000 a2200000 4500 | ||
|---|---|---|---|
| 003 | CL-VaPUC | ||
| 005 | 20230526104359.0 | ||
| 008 | 230517t2019 ||||| |||| 00| 0 eng d | ||
| 999 | |c 440730 |d 440728 | ||
| 020 | |a 978-0-393-35842-1 (pbk) | ||
| 040 | |c Pontificia Universidad Católica de Valparaíso | ||
| 082 | 7 | |a 001 CAI 2019 |2 22 | |
| 100 | |a Cairo, Alberto |9 601535 |e author | ||
| 245 | |a How charts lie: |b getting smarter about visual information. | ||
| 250 | |a First edition. | ||
| 260 | |a New York, USA: |b W.W. Norton & Company, Inc., |c 2019. | ||
| 300 | |a 234 páginas. | ||
| 583 | |k GC |c 20230517 | ||
| 650 | |a Gráficos de computadora |9 866868 | ||
| 650 | |a Gráficos, diagramas, etc. |x Diseño |9 882293 | ||
| 650 | 0 | |a Visualización de información |9 866864 | |
| 942 | |2 ddc |c BK | ||
| 952 | |0 0 |1 0 |2 ddc |4 0 |6 001_000000000000000_CAI_2019 |7 0 |8 A |9 590037 |a BIBCUR |b BIBCUR |c GEN |d 2023-05-16 |e 1 |g 33889.50 |i 5657431 |l 6 |o 001 CAI 2019 |p 5657431 |q 2026-03-18 |r 2025-03-25 |s 2025-03-25 |t 1 |v 33889.50 |w 2023-05-16 |y BK |k PER | ||